Central Library OPAC University of Rajshahi

Debt cycles in the world-economy : (Record no. 58623)

MARC details
000 -LEADER
fixed length control field 00938nam a2200277 a 4500
001 - CONTROL NUMBER
control field 58623
003 - CONTROL NUMBER IDENTIFIER
rucl marc code BD-RjUL
005 - DATE AND TIME OF LATEST TRANSACTION
control field 20211209080636.0
008 - FIXED-LENGTH DATA ELEMENTS--GENERAL INFORMATION
fixed length control field 161219s19921990us a|||| |||| 001 0 eng d
020 ## - INTERNATIONAL STANDARD BOOK NUMBER
International Standard Book Number 081338351X
035 ## - SYSTEM CONTROL NUMBER
System control number (BD-RjUL)58747
040 ## - CATALOGING SOURCE
Original cataloging agency BD-RjUL
Language of cataloging eng
Transcribing agency BD-RjUL
Modifying agency BD-RjUL
041 ## - LANGUAGE CODE
Language code of text/sound track or separate title eng
082 ## - DEWEY DECIMAL CLASSIFICATION NUMBER
Edition number 23
Classification number 336.3435
Author mark and year SUD 1992
100 1# - MAIN ENTRY--PERSONAL NAME
Personal name Suter, Christian,
Dates associated with a name 1956-
9 (RLIN) 174211
245 10 - TITLE STATEMENT
Title Debt cycles in the world-economy :
Remainder of title foreign loans, financial crises, and debt settlements, 1820-1986 /
Statement of responsibility, etc. Christian Suter
260 ## - PUBLICATION, DISTRIBUTION, ETC. (IMPRINT)
Place of publication, distribution, etc. Oxford :
Name of publisher, distributor, etc. Westview,
Date of publication, distribution, etc. c1992
300 ## - PHYSICAL DESCRIPTION
Pagination xii, 234 p. :
Illustrations ill. ;
Size 23 cm
504 ## - BIBLIOGRAPHY, ETC. NOTE
Bibliography, etc Includes bibliography and index
650 #0 - SUBJECT ADDED ENTRY--TOPICAL TERM
Topical term or geographic name as entry element Loans, Foreign
General subdivision History
9 (RLIN) 174212
Topical term or geographic name as entry element Debts, External
General subdivision History
9 (RLIN) 174213
Topical term or geographic name as entry element Business cycles
General subdivision History
9 (RLIN) 174214
Topical term or geographic name as entry element Debts, External
General subdivision Case studies
9 (RLIN) 174215
Topical term or geographic name as entry element Business cycles
General subdivision Case studies
9 (RLIN) 174216
942 ## - ADDED ENTRY ELEMENTS (KOHA)
Source of classification or shelving scheme Dewey Decimal Classification
Koha item type Books
Holdings
Lost status Source of classification or shelving scheme Damaged status Not for loan Collection code Permanent Location Current Location Shelving location Date acquired Source of acquisition Total Checkouts Full call number Date last seen Copy number Koha item type
  Dewey Decimal Classification   Not For Loan Non-fiction Central Library, University of Rajshahi Central Library, University of Rajshahi Reading Room 07/08/1993 Asia foundation   336.3435 SUD 1992 19/12/2016 C-1 Books